000 00764nam a2200253 i 4500
001 bg
245 0 0 _aWprowadzenie do ekonomii /
_cpod red. Zofii Dach ; [aut. Adam Cygan et al.].
250 _aWyd. 4 popr. i uzup.
260 _aKraków :
_bWydaw. Akademii Ekonomicznej,
_c1999.
300 _a116 s., [1] k. tabl. złoż. :
_bwykr. ;
_c24 cm.
504 _aBibliogr. s. 115-116.
521 _aDla studentów I roku wszystkich form studiów.
650 9 _aEkonomia polityczna
655 _aPodręczniki akademickie
700 1 _aDACH, Zofia.
_eRed.
700 1 _aCYGAN, Adam
020 _a8372520267
040 _cBPK
041 0 _apl
080 _a330(075.8)
920 _a83-7252-026-7
942 _cKS
008 s pl f |000 0 pol
999 _c36027
_d36027
856 _uhttp://koha.tu.koszalin.pl/cgi-bin/koha/opac-detail.pl?biblionumber=36027
_yKatalog online BPK